[Event "NOR-chT Clubs"]
[Site "Drammen"]
[Date "2022.05.26"]
[Round "1"]
[White "Hausken, Andreas Skrede"]
[Black "Nordtug, Per Oistein"]
[Result "1-0"]
[WhiteElo "2027"]
[BlackElo "1427"]
[PlyCount "49"]
[EventDate "2022.05.26"]
[EventType "team-swiss"]
[EventRounds "6"]
[EventCountry "NOR"]
[SourceTitle "EXT 2024"]
[Source "ChessBase"]
[SourceDate "2023.10.10"]
[SourceVersion "1"]
[SourceVersionDate "2023.10.10"]
[SourceQuality "1"]
[WhiteTeam "Aalesunds"]
[BlackTeam "Fredriksstad"]
[WhiteTeamCountry "NOR"]
[BlackTeamCountry "NOR"]

1. e4 e6 2. d4 d5 3. Nd2 c5 4. exd5 Qxd5 5. Ngf3 cxd4 6. Bc4 Qd6 7. 0-0 Nf6 8. Nb3 Nc6 9. Nbxd4 Nxd4 10. Qxd4 Bd7 11. Bg5 Qxd4 12. Nxd4 Bc5 13. Nb3 Bxf2+ 14. Rxf2 Ne4 15. Be3 Nxf2 16. Bxf2 Rc8 17. Bd3 b6 18. Rd1 Ke7 19. Bh4+ f6 20. Re1 e5 21. Rxe5+ Kd6 22. Re1 h6 23. Bg3+ Kd5 24. c4+ Kc6 25. Be4# 1-0

[Event "Nordic-ch"]
[Site "Sarpsborg"]
[Date "2019.06.25"]
[Round "7"]
[White "Eiding, Amanda Mai Irgens"]
[Black "Nordtug, Per Oistein"]
[Result "0-1"]
[WhiteElo "1655"]
[BlackElo "1456"]
[PlyCount "90"]
[EventDate "2019.06.21"]
[EventType "swiss"]
[EventRounds "9"]
[EventCountry "NOR"]
[SourceTitle "CBM 191 Extra"]
[Source "ChessBase"]
[SourceDate "2019.09.30"]
[SourceVersion "1"]
[SourceVersionDate "2019.09.30"]
[SourceQuality "1"]

1. e4 d5 2. exd5 Qxd5 3. Nc3 Qa5 4. d4 Nf6 5. Nf3 c6 6. Bd2 Bf5 7. Bc4 e6 8. Qe2 Bb4 9. 0-0 0-0 10. a3 Bd6 11. d5 Qc7 12. dxe6 fxe6 13. Bxe6+ Bxe6 14. Qxe6+ Kh8 15. Rfe1 Nbd7 16. h3 Rae8 17. Qc4 Ne5 18. Nxe5 Bxe5 19. Be3 b5 20. Qc5 a6 21. Qa7 Qxa7 22. Bxa7 Bxc3 23. bxc3 Ne4 24. Bd4 c5 25. Be3 Nxc3 26. Bxc5 Rxe1+ 27. Rxe1 Rc8 28. Bd4 Kg8 29. Re6 Kf7 30. Re3 Nd5 31. Rg3 g6 32. c3 Rc4 33. Rg5 Nxc3 34. Bc5 Ne4 35. Rd5 Nxc5 36. Kf1 a5 37. Ke2 Ke6 38. Rd2 b4 39. axb4 axb4 40. Rb2 Kd5 41. Rd2+ Rd4 42. Ra2 b3 43. Ra8 Kc4 44. Rb8 Kc3 45. Rc8 Rd5 0-1

[Event "Nordic-ch"]
[Site "Sarpsborg"]
[Date "2019.06.24"]
[Round "5"]
[White "Henriksen, Morgan"]
[Black "Nordtug, Per Oistein"]
[Result "1-0"]
[WhiteElo "1717"]
[BlackElo "1456"]
[PlyCount "58"]
[EventDate "2019.06.21"]
[EventType "swiss"]
[EventRounds "9"]
[EventCountry "NOR"]
[SourceTitle "CBM 191 Extra"]
[Source "ChessBase"]
[SourceDate "2019.09.30"]
[SourceVersion "1"]
[SourceVersionDate "2019.09.30"]
[SourceQuality "1"]

1. d4 Nf6 2. c4 e6 3. Nc3 d5 4. Bg5 Be7 5. e3 c6 6. Nf3 Nbd7 7. Bd3 dxc4 8. Bxc4 b5 9. Bd3 Bb7 10. 0-0 a6 11. Rc1 Rc8 12. Bb1 c5 13. dxc5 Nxc5 14. Qe2 b4 15. Nd1 0-0 16. Nd4 Qd5 17. Nf3 Nce4 18. Bxe4 Qxe4 19. Rxc8 Rxc8 20. Ne1 Rc2 21. Qxc2 Qd5 22. Bxf6 Bxf6 23. b3 a5 24. f3 Ba6 25. Rf2 Qb5 26. Nb2 Qe5 27. Qd2 Qc3 28. Qxc3 Bxc3 29. Ned3 Bxb2 1-0

[Event "Nordic-ch"]
[Site "Sarpsborg"]
[Date "2019.06.24"]
[Round "6"]
[White "Nordtug, Per Oistein"]
[Black "Blauhut, Anna"]
[Result "1-0"]
[WhiteElo "1456"]
[BlackElo "1156"]
[PlyCount "33"]
[EventDate "2019.06.21"]
[EventType "swiss"]
[EventRounds "9"]
[EventCountry "NOR"]
[SourceTitle "EXT 2020"]
[Source "ChessBase"]
[SourceDate "2019.10.17"]
[SourceVersion "1"]
[SourceVersionDate "2019.10.17"]
[SourceQuality "1"]

1. c4 e6 2. Nc3 d5 3. cxd5 exd5 4. d4 Nf6 5. Bg5 Bb4 6. Nf3 Bxc3+ 7. bxc3 c6 8. e3 h6 9. Bf4 Nbd7 10. Bd3 0-0 11. 0-0 b6 12. c4 Nh5 13. Be5 Nxe5 14. Nxe5 Nf6 15. Nxc6 Qd6 16. cxd5 Qxd5 17. Ne7+ 1-0

[Event "Nordic-ch"]
[Site "Sarpsborg"]
[Date "2019.06.21"]
[Round "1"]
[White "Nordtug, Per Oistein"]
[Black "Abdrlauf, Elham"]
[Result "0-1"]
[WhiteElo "1456"]
[BlackElo "2207"]
[PlyCount "44"]
[EventDate "2019.06.21"]
[EventType "swiss"]
[EventRounds "9"]
[EventCountry "NOR"]
[SourceTitle "CBM 191 Extra"]
[Source "ChessBase"]
[SourceDate "2019.09.30"]
[SourceVersion "1"]
[SourceVersionDate "2019.09.30"]
[SourceQuality "1"]

1. c4 f5 2. Nc3 Nf6 3. Nf3 g6 4. e3 Bg7 5. d4 0-0 6. Be2 d6 7. 0-0 Nbd7 8. b3 e5 9. dxe5 Nxe5 10. Bb2 Qe7 11. Qc2 Ne4 12. Nxe4 fxe4 13. Nxe5 Bxe5 14. Rad1 Bd7 15. Bd4 b6 16. Qb2 Bxd4 17. Qxd4 Rae8 18. h3 h5 19. Qd5+ Kh7 20. Rd2 Rf5 21. Qb7 Bc8 22. Qxa7 Ra5 0-1